| LEADER | 00523cam a2200157 7i4500 | ||
|---|---|---|---|
| 001 | 0000020887 | ||
| 005 | 20080326090000.0 | ||
| 022 | 0 | 0 | |a 1378-4048 |
| 090 | 0 | 0 | |a T 382.7 |b BUR[BRA] |
| 245 | 0 | 0 | |a Bureau International Des Tarifs Douaniers = |l International Customs Tariffs Bureau : |b Brazil : journal no:6,2007. |
| 250 | 0 | 0 | |a 19th ed. |
| 260 | 0 | 0 | |a Brussels: |b International Customs Tariffs Bureau, |c 2007. |
| 300 | # | # | |a 324 p. |
| 650 | 0 | 0 | |a Tariff -- |z Brazil |
| 651 | 0 | 0 | |a Brazil |
| 999 | |a 0000022031 |b Book |c Tariffs |e Business Information Centre | ||